International Human Resource Management/ (Record no. 203559)

MARC details
000 -LEADER
fixed length control field 00607nam a22001937a 4500
005 - DATE AND TIME OF LATEST TRANSACTION
control field 20240612165349.0
010 ## - LCCN (DPL NO)
LC control number ENG-140590
020 ## - INTERNATIONAL STANDARD BOOK NUMBER
International Standard Book Number 9789355325310
Terms of availability 725.00
035 ## - SYSTEM CONTROL NUMBER
System control number EN-124122
037 ## - SOURCE OF ACQUISITION
Source of stock number/acquisition DBAD
082 ## - DEWEY DECIMAL CLASSIFICATION NUMBER
Classification number 658.3
Edition number 4
100 ## - MAIN ENTRY--PERSONAL NAME
Personal name Aswathappa, K
245 ## - TITLE STATEMENT
Title International Human Resource Management/
Statement of responsibility, etc By Aswathappa, K
250 ## - EDITION STATEMENT
Edition statement 4
260 ## - PUBLICATION, DISTRIBUTION, ETC. (IMPRINT)
Place of publication, distribution, etc Chennai
Name of publisher, distributor, etc Mc Graw Hill Education
Date of publication, distribution, etc 2024
270 ## - ADDRESS
Address 444/1,Sri Ekambara Naicker Industrial Estate, Alapakkam Porur
City Chennai
Postal code 600116
300 ## - PHYSICAL DESCRIPTION
Extent xvi, 376p.
Dimensions 24cm(pbk)
Other physical details index
942 ## - ADDED ENTRY ELEMENTS (KOHA)
Source of classification or shelving scheme Dewey Decimal Classification
Item type English Books
Classification part 658.3
Call number suffix ASW
Edition 4
Holdings
Withdrawn status Lost status Not for loan Collection code Home library Current library Date acquired Source of acquisition Cost, normal purchase price Full call number Barcode Copy number Cost, replacement price Koha item type
      Non-fiction Central Library Central Library 12/06/2024 DBAD 725.00 658.3 ASW EN-124122 1 725.00 English Books

© Delhi Public Library
Hit Counter
free hit counter